000 00781nam a2200253 a 4500
999 _c12599
_d12599
001 12599
003 BD-JhCC
005 20221015082810.0
008 221015s20132021bg |||| |||| 000 0 ban d
020 _a9847012002780
035 _a(BD-JhCC)12599
040 _aBD-JhCC
_dBD-JhCC
041 _abeg
082 _a928
_bJAM 2021
100 _aজামান, মনির
245 _aলেনিন /
_cমনির জামান
260 _aঢাকা :
_bকথাপ্রকাশ,
_c২০২১
300 _a৬৪ পৃ. :
_c২১ সেমি.
490 _aজীবনী গ্রন্থমালা
504 _aগ্রন্থপঞ্জি অন্তর্ভূক্ত।
600 _aLenin
650 _aBiography
942 _2ddc
_cBK